| 000 | 01508nam0a2200361 4500 | ||
|---|---|---|---|
| 001 | RU\NLR\bibl\1054978 | ||
| 005 | 20260405125217.0 | ||
| 010 |
_a5-7905-4724-9 _93000 |
||
| 021 |
_aRU _b2007-2472 _9118 |
||
| 035 | _a(nilc)RSL-KNO-003031422 | ||
| 035 | _a(NLR Aleph) 001042274 | ||
| 090 |
_a826198 _c826198 |
||
| 100 | _a20070213d2006 |||y0rusy50 ca | ||
| 101 | 1 |
_arus _cfre |
|
| 102 | _aRU | ||
| 105 | _ay zzzz||||| | ||
| 106 | _ar | ||
| 200 | 1 |
_aМиндаль _dL'amande _eповесть о сокровенном _fНеджма _g[пер. с фр. Г. Северской] _zfre |
|
| 210 |
_aМосква _cРИПОЛ классик _d2006 |
||
| 215 |
_a157, [2] с. _d21 |
||
| 225 | 1 | _aМир Women | |
| 300 | _aАвт. также на фр. яз.: Nedjma | ||
| 510 | 1 |
_6z45790 _aL'amande |
|
| 610 | 0 | _aФилологические науки. Художественная литература -- Египет -- Египетская литература -- с 1960 г. -- Произведения художественной литературы -- Художественная проза -- Романы. Повести. Рассказы | |
| 686 |
_aШ5(6Ег)62-644 _2rubbk |
||
| 686 | _aШ6(6Мар)07-4{Лх2027} | ||
| 700 | 0 |
_4070 _8rus _7ca _aНеджма _3RU\NLR\AUTH\7750539 _933473 |
|
| 790 | 0 |
_4070 _8fre _7ba _aNedjma _3RU\NLR\auth\7750545 _933479 |
|
| 801 | 0 |
_aRU _bРКП _c20070213 _grcr |
|
| 801 | 1 |
_aRU _bРГБ _c20070213 |
|
| 801 | 2 |
_aRU _bNLR _c20070306 _grcr |
|
| 942 | _cBOOK | ||
| 980 | _aNB | ||